000 00727nam a2200229 a 4500
001 3329
003 CDMR
005 20151026134202.0
008 130130s1974||||||||||||||||||||||||||||d
020 _a8485047338
024 _2DL
_aB451591974
040 _aCDMR
_bcat
_cCPC LLEIDA
100 1 _aMartínez Albertos, José Luís
_92108
245 1 0 _aRedacción periodística
_b: los estilos y géneros en la prensa escrita
_cJosé Luis Martínez Albertos
260 _aBarcelona
_c1974
_bATE
300 _a254 p.
490 _aLibros de Comunicación Social
650 0 4 _93086
_aPeriodisme
_xManuals d'estil
650 0 4 _94193
_aGèneres periodístics
650 0 4 _93772
_aPeriodisme--Manuals d'estil
_xLlenguatge
942 _cMON
_2udc
999 _c3329
_d3329